Domovní instalace : Voda, kanalizace, plyn, elektroinstalace
Saved in:
| Main Author: | |
|---|---|
| Format: | Book |
| Language: | Czech |
| Published: |
Praha :
SNTL,
1975
|
| Edition: | 4. dopl. a přepr. vyd. |
| Tags: |
No Tags, Be the first to tag this record!
|
MARC
| LEADER | 00000nam a22000003a 4500 | ||
|---|---|---|---|
| 001 | stu195354 | ||
| 005 | 20150617230023.0 | ||
| 008 | 091103s1975----cs------------------cze-d | ||
| 040 | |a STU |b slo | ||
| 041 | 0 | |a cze | |
| 044 | |a cs | ||
| 080 | |a 696.1/.2 |7 A000500042 | ||
| 100 | 1 | |a Kubeš, Josef |4 aut | |
| 245 | 1 | |a Domovní instalace : |b Voda, kanalizace, plyn, elektroinstalace | |
| 250 | |a 4. dopl. a přepr. vyd. | ||
| 260 | |a Praha : |b SNTL, |c 1975 | ||
| 300 | |a 329 s | ||
| 996 | |b 284V035571 |c V*9468/O-1884 |l VVS |s A |a 24 |w stu195354_0001 | ||
| 996 | |b 284V035570 |c V*9470/O-1884b |l VVS |s A |a 24 |w stu195354_0002 | ||